Myologie - Statistiques

Statistiques générales
  • Ce quiz a été pris 74 fois
  • Le résultat moyen est 9 sur 19
Statistiques - réponses
Par images Réponse % Correct
Trapèze
96%
Petit Pectoral
80%
Grand rond
72%
Infra épineux
67%
Rond pronateur
67%
Biceps brachial
65%
Grand dorsal
65%
Subscapulaire
61%
Coraco Brachial
57%
Elévateur de la scapula
50%
Subclavier
43%
Rhomboïde
41%
Fléchisseur ulnaire du carpe
35%
Fléchisseur radial du carpe
24%
Court extenseur du pouce
20%
Long abducteur du pouce
20%
Extenseur ulnaire du carpe
17%
Fléchisseur du carpe
4%
Fléchisseur commun superficiel des doigts
2%
Aucun quiz correspondant
Distribution des résultats
% des personnes avec chaque résultat
Percentile par nombre de réponses
Votre historique - résultats
Vous n’avez pas pris ce quiz